Statistics for 中文无线电字母数字读法Chinese Radiotelephony Spelling Alphabet and Numbers

Click here to take the quiz!

General Stats

  • This quiz has been taken 20 times
  • The average score is 19 of 36

Answer Stats

写作读作% Correct
1
75%
8
75%
7
75%
6
75%
5
75%
4
75%
3
75%
2
75%
0
70%
9
70%
AAlpha
70%
DDelta
60%
BBravo
55%
CCharlie
55%
IIndia
55%
EEcho
50%
GGolf
50%
HHotel
50%
FFoxtrot
45%
KKilo
45%
LLima
45%
UUniform
45%
XX-Ray
45%
YYankee
45%
JJuliet
40%
MMike
40%
NNovember
40%
OOscar
40%
PPapa
40%
QQuebec
40%
RRomeo
40%
SSierra
40%
TTango
40%
VVictor
40%
WWhiskey
40%
ZZulu
40%

Score Distribution

Percentile by Number Answered

Percent of People with Each Score

Your Score History

You have not taken this quiz